Duisburg Quiz - Statistiken

Allgemein
  • Dieses Quiz wurde 146 mal gespielt
  • Das Durchschnittsergebnis liegt bei 12 aus 16
Antwortstatistiken
Hint Antwort % Korrekt
Die zwei größten Flüsse, die durch Duisburg fließen Rhein
99%
Ruhr
97%
In Duisburg gibt es den größten... der Welt Binnen{hafen}
94%
Erfolgreichster Fußballklub (nur die Kurzform) MSV Duisburg
93%
Stadtteil, aus dem oben genannter Klub stammt Meiderich
87%
Stadtteil mit hoher Arbeitslosigkeit, Merkez-Moschee und Hochzeitsmeile Marxloh
86%
Stahlkonzern, der 1999 mit Krupp fusionierte Thyssen
86%
Technofestival, bei dem es 2010 zu einer Massenpanik mit Toten kam Loveparade
82%
Riesenskulptur, die wie eine Achterbahn hinaussieht Tiger & Turtle
75%
Auch als "Köpi" bekanntes Bier König Pilsener
74%
Dusiburg ist ein westlicher Endpunkt des Trans-Eurasia-Express. In welchem Land liegt der östliche Endpunkt? China
56%
Oberbürgermeister seit 2012 Sören Link
56%
Von Götz George verkörperter Kriminalhauptkommissar Horst Schimanski
47%
Institution des Landes NRW, die u.a. historische Dokumente aufbewahrt und ihren Hauptsitz sowie die Abteilung Rheinland in Duisburg hat Landesarchiv
45%
Geograph, dessen Weltkarte aus dem 16. Jahrhundert die Größenverhältnisse verzerrt ("..."-Projektion) Gerhard Mercator
42%
Duisburg unterhält eine Partnerschaft mit dieser südenglischen Stadt, nach der der Platz vor dem Hauptbahnhof benannt ist Portsmouth
31%
Keine übereinstimmenden Quizze gefunden
Verteilung der Resultate
Anzahl Personen mit jedem Resultat
Perzentil nach korrekt beantworteten Fragen
Ihre Resultats-Entwicklung
Sie haben dieses Quiz noch nicht gespielt